000 01163nam a22003497a 4500
003 CHAP
005 20220817044517.0
008 120308s2008 it r 00010 eng d
010 _a102920
011 _a103892
020 _a9789251061244
035 _a114581
040 _cCHAP
082 0 4 _a639.2
_bF46y v.880
110 2 _aFAO
245 1 0 _aReport of the expert consultation on best Practice technical guidelines for IPOA/NPOA-Seabirds / por FAO
260 _aRoma :
_bFAO,
_cc2008
300 _av1, 37 p. :
_bgráfs., tablas
490 0 _aFAO. Informe de pesca y acuicultura
_v; 880
500 _aBergen, Norway, 2-5 September 2008
590 _aBATCH-UPD
_b10
_c20130110
_lUCH01
_h1056
590 _aBATCH-UPD
_b10
_c20130410
_lUCH01
_h0651
590 _aBATCH-UPD
_b10
_c20130914
_lUCH01
_h0439
590 _aCONVERSION
_b10
_c20130109
_lUCH01
_h1357
650 1 4 _aAves acuáticas.
_98631
650 1 4 _aPesca.
650 1 4 _aPolítica y gobierno.
_990717
830 1 0 _aFAO. Informe de pesca y acuicultura
_v; 880
_939588
901 _aBK
942 _cLIBRO
949 _a639.2 F46y v.880
_bBC
_cFAO
_d33724002328520
_eFAO1
_gDonaciØn
_h116300
_i114581
_sb
999 _c102920
_d102920